Most Betted Sports by Americans - Statistics

General Stats
  • This quiz has been taken 60 times
  • The average score is 6 of 8
Answer Stats
Hint Answer % Correct
54% NBA
100%
44% MLB
96%
26% NHL
93%
81% NFL
91%
28% Soccer
74%
15% Golf
46%
26% MMA/UFC/Boxing
44%
34% College Football
39%
No matching quizzes found
Score Distribution
Percent of People with Each Score
Percentile by Number Answered
Your Score History
You have not taken this quiz